[Event "FRA-chT2 South 0809"]
[Site "France"]
[Date "2009.04.05"]
[Round "11.8"]
[White "Huchet, Francois"]
[Black "Oltra, Alexandre"]
[Result "1-0"]
[WhiteElo "2020"]
[BlackElo "1687"]
[PlyCount "29"]
[EventDate "2008.10.12"]
[EventType "team-tourn"]
[EventRounds "11"]
[EventCountry "FRA"]
[SourceTitle "EXT 2010"]
[Source "ChessBase"]
[SourceDate "2010.11.25"]
[SourceVersion "1"]
[SourceVersionDate "2010.11.25"]
[SourceQuality "1"]
[WhiteTeam "Ramonville"]
[BlackTeam "Hyeres II"]
[WhiteTeamCountry "FRA"]
[BlackTeamCountry "FRA"]

1. e4 d6 2. d4 Nf6 3. Nc3 Nbd7 4. Nf3 e5 5. Bc4 Be7 6. 0-0 0-0 7. Qe2 a6 8. a4 h6 9. Rd1 exd4 10. Nxd4 Re8 11. Bxf7+ Kxf7 12. Ne6 Kxe6 13. Qc4+ d5 14. Nxd5 Nxe4 15. Nxc7+ 1-0

[Event "FRA-ch op-C"]
[Site "Pau"]
[Date "2008.08.20"]
[Round "8"]
[White "Naudion, Eric"]
[Black "Oltra, Alexandre"]
[Result "0-1"]
[WhiteElo "1764"]
[BlackElo "1665"]
[PlyCount "128"]
[EventDate "2008.08.11"]
[EventType "swiss"]
[EventRounds "9"]
[EventCountry "FRA"]
[SourceTitle "CBM 126 Extra"]
[Source "ChessBase"]
[SourceDate "2008.11.05"]
[SourceVersion "1"]
[SourceVersionDate "2008.11.05"]
[SourceQuality "1"]

1. d4 d6 2. e3 Nf6 3. Bd3 Nbd7 4. c4 c6 5. Nc3 Qc7 6. f4 e5 7. Nf3 Be7 8. 0-0 0-0 9. Bd2 a6 10. Rc1 Re8 11. h3 exf4 12. exf4 Qb8 13. g4 b5 14. cxb5 axb5 15. b4 d5 16. g5 Nh5 17. Ne5 Nxe5 18. fxe5 g6 19. Qf3 Be6 20. Rb1 Ng7 21. Rb2 Nf5 22. Ne2 Ra3 23. Qf2 Rxd3 24. Nf4 Rg3+ 25. Kh2 Bxg5 26. Ne2 Be3 27. Bxe3 Rxe3 28. Qf4 Re4 29. Qd2 Qa7 30. Rd1 Nh4 31. Rb3 Ra8 32. Ra1 Nf5 33. Rd3 Qb6 34. Rd1 Ra6 35. Nc3 Rh4 36. Qg5 Qc7 37. R1d2 Qe7 38. Qxe7 Nxe7 39. Nd1 Ra4 40. a3 Bf5 41. Rc3 Kg7 42. Nf2 Bd7 43. Rf3 Rh5 44. Rdd3 Rf5 45. Kg3 Rxf3+ 46. Kxf3 Nc8 47. Rc3 Nb6 48. Nd3 Bxh3 49. Rxc6 Rxa3 50. Rxb6 Rxd3+ 51. Ke2 Rxd4 52. Rxb5 Re4+ 53. Kd2 Rxe5 54. Rc5 Re4 55. b5 Be6 56. b6 Rb4 57. Rc6 h5 58. Kc3 Rb5 59. Kd4 h4 60. Ke5 h3 61. Kd6 h2 62. Kc7 h1Q 63. b7 Rxb7+ 64. Kxb7 d4 0-1